[Event "Hamburg op"]
[Site "Hamburg"]
[Date "1981.??.??"]
[Round "6"]
[White "Velikov, Petar"]
[Black "Wockenfuss, Klaus"]
[Result "1/2-1/2"]
[WhiteElo "2460"]
[BlackElo "2380"]

1.c4 Nf6 2.Nc3 e6 3.Nf3 d5 4.d4 c6 5.e3 Nbd7 6.Qc2 Bb4 7.Bd2 Qe7 8.a3 Bd6
9.Bd3 dxc4 10.Bxc4 e5 11.Bd3 O-O 12.O-O h6 13.Ne4 Nxe4 14.Bxe4 exd4 15.Nxd4 Nf6
16.Bf5 g6 17.Bxc8 Raxc8 18.Rad1 Rcd8 19.Bc1 Rfe8 20.Nf3 Qe6 21.b4  1/2-1/2

[Event "Hamburg op"]
[Site "Hamburg"]
[Date "1981.??.??"]
[Round "7"]
[White "Budde, Vladimir"]
[Black "Spassov, Liuben"]
[Result "0-1"]
[WhiteElo "2355"]
[BlackElo "2460"]

1.c4 Nf6 2.Nc3 e6 3.Nf3 d5 4.d4 c6 5.e3 Nbd7 6.Bd3 dxc4 7.Bxc4 b5 8.Be2 b4
9.Na4 Bb7 10.b3 Be7 11.Bb2 O-O 12.Rc1 Rc8 13.Nc5 Nxc5 14.dxc5 Qxd1+ 15.Bxd1 Nd7
16.Bd4 f6 17.e4 f5 18.e5 Ba6 19.h4 Rfd8 20.Be3 h6 21.Be2 Nb8 22.Bc4 Bxc4
23.Rxc4 Na6 24.Ke2 Rd5 25.Rhc1 Kf7 26.h5 Rc7 27.g3 Rb7 28.R1c2 Nb8 29.g4 fxg4
30.Rxg4 Nd7 31.Rf4+ Kg8 32.Nd4 Nxe5 33.Nxe6 Bf6 34.Rf5 Re7 35.Nf4 Rd8 36.Rd2 Rxd2+
37.Bxd2 Ng6+ 38.Kd3 Nh4 39.Rxf6 gxf6 40.Bxb4 Nf3 41.Bc3 Ne5+ 42.Ke4 Ng6+
43.Kf5 Nxf4 44.Kxf4 Kf7 45.a4 Rd7 46.Ke4 Rd5 47.b4 Rxh5 48.Bd4 a6 49.b5 cxb5
50.axb5 axb5 51.c6 Ke6 52.c7 Kd7 53.Bxf6 Kxc7 54.f4 Rh1 55.Kf5 Kd7 56.Kg6 Rg1+
57.Kf7 Rf1 58.Be5 b4 59.Kg6 Ke6  0-1

[Event "Hastings8182"]
[Site "Hastings"]
[Date "1981.??.??"]
[Round "6"]
[White "Ree, Hans"]
[Black "Kupreichik, Viktor D"]
[Result "0-1"]
[WhiteElo "2510"]
[BlackElo "2580"]

1.d4 d5 2.c4 c6 3.Nc3 Nf6 4.e3 e6 5.Nf3 Nbd7 6.Qc2 Bd6 7.b3 O-O 8.Bb2 a6
9.Be2 dxc4 10.bxc4 c5 11.O-O cxd4 12.exd4 b6 13.a4 Bb7 14.Ba3 Bxa3 15.Rxa3 Rc8
16.Nd2 Qe7 17.Qb2 Qd6 18.Nd1 a5 19.c5 Qc6 20.Ne3 bxc5 21.Bf3 Nd5 22.dxc5 Qa6
23.Bxd5 Bxd5 24.Nxd5 exd5 25.Rg3 g6 26.Qd4 Nxc5 27.Qxd5 Rfd8 28.Qg5 Ne6 29.Qe3 Nd4
30.Rh3 Ne2+ 31.Kh1 Rxd2 32.Qxd2 Nf4 33.Rc1 Nxh3 34.gxh3 Rxc1+ 35.Qxc1 Qd3
36.Qc8+ Kg7 37.Kg2 Qe4+ 38.Kg3 h5 39.Qc3+ Kg8 40.f4 h4+  0-1

[Event "DDR-ch U18"]
[Site "Ilmenau"]
[Date "1981.??.??"]
[Round "?"]
[White "Tischbierek, Raj"]
[Black "Kleeschaetzky, Rainer"]
[Result "1-0"]
[WhiteElo "2380"]
[BlackElo "2200"]

1.d4 d5 2.c4 c6 3.Nf3 Nf6 4.Nc3 e6 5.e3 Nbd7 6.Qc2 Bd6 7.e4 dxe4 8.Nxe4 Nxe4
9.Qxe4 Nf6 10.Qc2 c5 11.Bg5 cxd4 12.O-O-O Qa5 13.Kb1 e5 14.Re1 Be6 15.Bd2 Qc7
16.Ng5 O-O 17.Bd3 h6 18.Nxe6 fxe6 19.f3 a5 20.Bc1 Nd7 21.Re4 Nc5 22.Rg4 Rf6
23.Bg6 Rc8 24.h4 Na6 25.a3 Qxc4 26.Qxc4 Rxc4 27.Bxh6 Rc7 28.Bd2 b6 29.h5 Nc5
30.Bg5 Rf8 31.h6 Rfc8 32.hxg7 Kxg7 33.Be8 Kf8 34.Rh8+ Kg7 35.Rgh4  1-0

[Event "DDR-ch U18"]
[Site "Ilmenau"]
[Date "1981.??.??"]
[Round "?"]
[White "Tischbierek, Raj"]
[Black "Hein, Carsten"]
[Result "1-0"]
[WhiteElo "2380"]
[BlackElo "2200"]

1.d4 d5 2.c4 c6 3.Nc3 e6 4.Nf3 Nf6 5.e3 dxc4 6.Bxc4 Be7 7.O-O O-O 8.Qe2 a5
9.e4 b5 10.Bd3 b4 11.Na4 Ba6 12.Rd1 h6 13.Bf4 Bxd3 14.Rxd3 Nbd7 15.Rc1 Nh5
16.Be3 Nhf6 17.Ne5 Qe8 18.Nxc6 Rc8 19.Bf4 Nb8 20.Nxe7+ Qxe7 21.Rxc8 Rxc8
22.Nb6 Rc6 23.Bxb8 Rxb6 24.Be5 Nd7 25.Bf4 e5 26.dxe5 Nxe5 27.Rd5 Ng6 28.Bg3 a4
29.Qc4 a3 30.b3 Qf6 31.e5 Qf5 32.h3 Qb1+ 33.Kh2 Qxa2 34.Rd8+ Nf8 35.Qc5 Re6
36.Qxf8+ Kh7 37.Qxf7 Qxb3 38.Rg8  1-0

[Event "NLD-ch"]
[Site "Leeuwarden"]
[Date "1981.??.??"]
[Round "10"]
[White "Van der Vliet, Fred"]
[Black "Ree, Hans"]
[Result "1/2-1/2"]
[WhiteElo "2395"]
[BlackElo "2485"]

1.d4 d5 2.c4 e6 3.Nf3 Nf6 4.Nc3 c6 5.e3 Nbd7 6.Qc2 Bd6 7.e4 dxe4 8.Nxe4 Nxe4
9.Qxe4 Bb4+ 10.Bd2 Qa5 11.Qc2 e5 12.Bxb4 Qxb4+ 13.Qd2 Qxd2+ 14.Kxd2 exd4
15.Re1+ Kf8 16.Nxd4 Nc5 17.Re5 Ne6 18.Nxe6+ Bxe6 19.Be2 Ke7 20.Kc3 Rhd8 21.Rd1 Rxd1
22.Bxd1 Kd6  1/2-1/2

[Event "Ljubljana"]
[Site "Ljubljana"]
[Date "1981.??.??"]
[Round "13"]
[White "Djuric, Stefan"]
[Black "Petursson, Margeir"]
[Result "1-0"]
[WhiteElo "2460"]
[BlackElo "2460"]

1.c4 c6 2.d4 d5 3.Nc3 Nf6 4.e3 e6 5.Nf3 Nbd7 6.Qc2 Bd6 7.Bd2 O-O 8.h3 a6
9.O-O-O b5 10.c5 Bc7 11.g4 b4 12.Na4 a5 13.Be1 Ne4 14.Ng1 e5 15.f3 Ng5 16.h4 Ne6
17.Bd3 g6 18.Ne2 Qf6 19.Rh3 Re8 20.h5 exd4 21.exd4 Nf4 22.Nxf4 Bxf4+ 23.Kb1 Ba6
24.Bxa6 Rxa6 25.Bh4 Bg5 26.hxg6 fxg6 27.Bxg5 Qxg5 28.Qh2 Nf8 29.Qc7 Qe7 30.Qxe7 Rxe7
31.Nb6 Re3 32.Kc2 Ra7 33.Nc8 Rc7 34.Kd2 Re6 35.Nd6 Rce7 36.Rh2 Rf6 37.Re2 Rxe2+
38.Kxe2 Ne6 39.Ke3 Ng5 40.Rf1 Re6+ 41.Kd3 Nf7 42.Nxf7 Kxf7 43.Rh1 Kg7 44.b3 Re7
45.g5 Rf7 46.Ke3 Rf5 47.Rg1 Kf8 48.Rg2 Rf7 49.a3 Rb7 50.Ra2 Ke7 51.Kf4 Ke6
52.Re2+ Kf7 53.axb4 Rxb4 54.Ke5 Rxb3 55.Kd6 Rd3 56.Kxc6 Rxd4 57.Kd7 Rc4 58.c6 d4
59.Rd2 a4 60.c7 a3 61.f4 Rc1 62.c8=Q Rxc8 63.Kxc8 a2 64.Rxa2 Ke6 65.Ra5  1-0

[Event "Lone Pine op"]
[Site "Lone Pine"]
[Date "1981.??.??"]
[Round "?"]
[White "Strauss, David J"]
[Black "Frias, Victor J"]
[Result "0-1"]
[WhiteElo "2420"]
[BlackElo "2390"]

1.c4 Nf6 2.Nc3 e6 3.Nf3 d5 4.d4 c6 5.e3 Nbd7 6.Bd3 Bd6 7.O-O O-O 8.e4 dxe4
9.Nxe4 Nxe4 10.Bxe4 h6 11.Bc2 e5 12.Qd3 f5 13.c5 Bc7 14.dxe5 Nxe5 15.Qb3+ Kh8
16.Re1 Be6 17.Qxe6 Nxf3+ 18.gxf3 Qh4 19.Bxf5 Rae8 20.Qxe8 Qxh2+ 21.Kf1 Qh1+
22.Ke2 Rxe8+ 23.Be3 Qh5 24.Bd3 Bf4  0-1

[Event "Lone Pine op"]
[Site "Lone Pine"]
[Date "1981.??.??"]
[Round "?"]
[White "Gligoric, Svetozar"]
[Black "Dahlberg, Ivars A"]
[Result "1-0"]
[WhiteElo "2530"]
[BlackElo "2480"]

1.d4 d5 2.c4 c6 3.Nf3 Nf6 4.Nc3 e6 5.e3 Nbd7 6.Bd3 dxc4 7.Bxc4 b5 8.Bd3 a6
9.e4 c5 10.d5 Nb6 11.O-O exd5 12.e5 Nfd7 13.Re1 Be7 14.e6 fxe6 15.Rxe6 O-O
16.Qe2 c4 17.Rxe7 cxd3 18.Qe6+ Kh8 19.Ng5 Nf6 20.Nf7+ Kg8 21.Nxd8+ Bxe6 22.Nxe6 Rae8
23.Rxg7+ Kh8 24.Rg3 Rxe6 25.Bh6 Rf7 26.Re3 Rxe3 27.Bxe3 Nc4 28.Bd4 Kg8 29.b3 Na5
30.Rd1 Nc6 31.Bxf6 Rxf6 32.Nxd5 Re6 33.Nf4 Re4 34.Nxd3 Re2 35.a3 Ra2 36.Nb4 Ne5
37.Nxa2  1-0

[Event "Nis"]
[Site "Nis"]
[Date "1981.??.??"]
[Round "13"]
[White "Djukic, Zeljko"]
[Black "Sinadinovic, Andjelko"]
[Result "1/2-1/2"]
[WhiteElo "2380"]
[BlackElo "2200"]

1.d4 Nf6 2.c4 e6 3.Nf3 d5 4.Nc3 c6 5.e3 Nbd7 6.Qc2 Be7 7.Bd3 O-O 8.O-O dxc4
9.Bxc4 Qc7 10.b3 e5 11.Bb2  1/2-1/2

[Event "US op"]
[Site "Palo Alto"]
[Date "1981.??.??"]
[Round "4"]
[White "Lerch, Ken"]
[Black "Townsend, Don"]
[Result "0-1"]
[WhiteElo "1621"]
[BlackElo "1881"]

1.d4 d5 2.c4 c6 3.Nc3 e6 4.e3 Nf6 5.Nf3 Nbd7 6.cxd5 exd5 7.Be2 Bd6 8.O-O O-O
9.a3 Re8 10.b4 Bb8 11.a4 Qc7 12.Ba3 Ne4 13.Rc1 Ndf6 14.g3 Bh3 15.Re1 Nxf2
16.Nxd5 Nxd5 17.Kxf2 Nxe3 18.Qd2 Ng4+ 19.Kg1 Nxh2 20.Ne5 Qd6 21.Kxh2 Rxe5
22.Qf4 Qd5 23.Qf2 Rg5 24.Rc3 Be6 25.Rg1 Qe4 26.Rg2 Bc7 27.b5 Bb6 28.Bf3 Qxd4
29.Qc2 Bg4 30.Bxg4 Qxg4 31.Bc5 Qh5+ 32.Kg1 Rxc5  0-1

[Event "Pamporovo"]
[Site "Pamporovo"]
[Date "1981.??.??"]
[Round "2"]
[White "Ornstein, Axel"]
[Black "Velikov, Petar"]
[Result "1/2-1/2"]
[WhiteElo "2475"]
[BlackElo "2445"]

1.d4 d5 2.c4 c6 3.Nc3 Nf6 4.e3 e6 5.Nf3 Nbd7 6.Bd3 Bd6 7.e4 dxe4 8.Nxe4 Nxe4
9.Bxe4 e5 10.O-O exd4 11.Qxd4 Qf6 12.Qd1 Ne5 13.Bg5 Nxf3+ 14.Bxf3 Bxh2+ 15.Kxh2 Qxg5
16.Qd6 Qh6+ 17.Qxh6 gxh6 18.Rfe1+ Kf8 19.Kg3 Be6 20.b3 Rg8+ 21.Kf4 Rg5 22.Re5 Rd8
23.Rae1 Rd2 24.R1e2 Rxe2 25.Rxe2 Ra5 26.a4 Rf5+ 27.Ke3 Ke7 28.Kd4 Kd6 29.Re4 Rg5
30.Rh4 Bf5 31.c5+ Kc7 32.Rxh6 a5 33.Rh5 Rxh5 34.Bxh5 Be6 35.Kc3 Bd5 36.g3 b6
37.b4 f6 38.Bd1 Bg2 39.cxb6+ Kxb6 40.bxa5+ Kxa5 41.Kc4  1/2-1/2

[Event "Pernik"]
[Site "Pernik"]
[Date "1981.??.??"]
[Round "5"]
[White "Marszalek, Rafal"]
[Black "Kirov, Nino"]
[Result "1/2-1/2"]
[WhiteElo "2350"]
[BlackElo "2475"]

1.d4 d5 2.c4 e6 3.Nc3 c6 4.e3 Nf6 5.Nf3 Nbd7 6.Bd3 dxc4 7.Bxc4 b5 8.Be2 b4
9.Na4 Bb7 10.O-O Be7 11.a3 bxa3 12.bxa3 O-O 13.Bd2 c5 14.Nxc5 Nxc5 15.dxc5 Bxc5
16.Bb4 Bxb4 17.axb4 Qb6 18.Qd4 Nd5 19.b5  1/2-1/2

[Event "Pernik"]
[Site "Pernik"]
[Date "1981.??.??"]
[Round "10"]
[White "Marszalek, Rafal"]
[Black "Makropoulos, Georgios"]
[Result "1-0"]
[WhiteElo "2350"]
[BlackElo "2485"]

1.d4 d5 2.c4 e6 3.Nc3 c6 4.Nf3 Nf6 5.e3 Nbd7 6.b3 Bb4 7.Bd2 Bd6 8.Be2 O-O
9.O-O Qe7 10.Qc2 e5 11.dxe5 Nxe5 12.cxd5 cxd5 13.Nb5 Bb8 14.Bc3 Nfg4 15.Nxe5 Nxe5
16.Qd2 Qd6 17.f4 Nc6 18.Bf3 Rd8 19.Nd4 Qe7 20.Rac1 Bc7 21.Nxc6 bxc6 22.Qd4 f5
23.Bb4 Qd7 24.Bc5 Bb8 25.Rc3 Re8 26.Rfc1 Qb7 27.Ba3 Bd7 28.Rxc6 Bxc6 29.Rxc6 Kh8
30.Bxd5 Bxf4 31.Qxf4 Rad8 32.Rd6 Qc7 33.Rxd8 Qxd8 34.Qd4 Qa5 35.Bb4 Qxa2
36.h3 Qb1+ 37.Kh2 Qc1 38.Bc3 Re7 39.Bc4 Qxe3 40.Qxe3 Rxe3 41.Bd4 Re7 42.Kg3 h6
43.h4 h5 44.Kf3 Kh7 45.Bd3 g6 46.Bc5 Rc7 47.Bd4 a5 48.Ke2 Rc8 49.Kd2 Kh6
50.Be3+ Kg7 51.Ba6 Re8 52.Bd4+ Kh7 53.Bd3 Rc8 54.Be2 Kh6 55.Be3+ Kh7 56.Bf3 Re8
57.Kd3 Rc8 58.Bd2 Rd8+ 59.Kc2 Rd4 60.Bxa5 Rxh4 61.Bd2 Rd4 62.Be3 Rd8 63.Bg5 Rf8
64.b4  1-0

[Event "Rubinstein mem"]
[Site "Polanica Zdroj"]
[Date "1981.??.??"]
[Round "12"]
[White "Farago, Ivan"]
[Black "Schinzel, Wladyslaw"]
[Result "0-1"]
[WhiteElo "2515"]
[BlackElo "2380"]

1.d4 d5 2.c4 e6 3.Nc3 c6 4.e3 Nf6 5.Nf3 Nbd7 6.Bd3 dxc4 7.Bxc4 b5 8.Bd3 a6
9.e4 c5 10.d5 c4 11.dxe6 fxe6 12.Bc2 Qc7 13.Qe2 Bd6 14.O-O O-O 15.Ng5 Nb6
16.f4 e5 17.f5 h6 18.Nf3 b4 19.Na4 Nxa4 20.Bxa4 Bb7 21.Bc2 a5 22.Nh4 a4 23.Bd2 b3
24.axb3 axb3 25.Rxa8 Rxa8 26.Bb1 Qc6 27.Rc1 Ra1 28.Be1 Nxe4 29.f6 Bc5+ 30.Kh1 Qxf6
31.Qxc4+ Qf7 32.Qxf7+ Kxf7 33.Nf3 Kf6 34.Nd2 Nxd2 35.Bxd2 Ba6 36.h4 Bd4 37.Kh2 Bb5
38.Be4 Bxb2 39.Rc5 Bd7 40.Rc7 Ra4 41.Bd5 Rxh4+ 42.Kg3 Rd4 43.Rxd7 Rxd2 44.Kf3 Rd3+
45.Ke2 e4 46.Rf7+ Ke5  0-1

[Event "Porz"]
[Site "Porz"]
[Date "1981.??.??"]
[Round "?"]
[White "Knezevic, Milorad"]
[Black "Troeger, Paul"]
[Result "1-0"]
[WhiteElo "2460"]
[BlackElo "2325"]

1.d4 Nf6 2.c4 e6 3.Nc3 d5 4.Nf3 c6 5.e3 Nbd7 6.Qc2 Bd6 7.b3 Qe7 8.Be2 O-O
9.O-O dxc4 10.bxc4 e5 11.Bb2 exd4 12.exd4 Ba3 13.Bxa3 Qxa3 14.Bd3 Rd8 15.Rfe1 Nf8
16.Ne4 Nxe4 17.Bxe4 Qd6 18.d5 cxd5 19.Bxd5 Qc7 20.Qe4 Be6 21.Bxb7 Rab8 22.Bd5 Bxd5
23.cxd5 Rb5 24.Rad1 Qd6 25.h3 Rxd5 26.Rxd5 Qxd5 27.Qa4 h6 28.Rb1 Rd7 29.Re1 f6
30.Nh4 Kf7 31.Qc2 Re7 32.Rd1 Qe4 33.Qb3+ Qe6 34.Qa3 Rd7 35.Rxd7+ Qxd7 36.Qb3+ Qe6
37.Qc2 g6 38.a4 Qe1+ 39.Kh2 Qe5+ 40.g3 Qd5 41.Qc7+ Qd7 42.Qc4+ Qe6 43.Qc1 Qd5
44.Qe3 a5 45.Ng2 Ne6 46.Qa7+ Ke8 47.Ne3 Qc5 48.Qh7 Nf8 49.Qxh6 Qb4 50.Qg7 f5
51.Nd5 Qd6 52.Nc7+ Kd8 53.Qxf8+ Qxf8 54.Ne6+ Ke7 55.Nxf8 Kxf8 56.Kg2 Ke7
57.Kf3 Kd6 58.Kf4 Kc5 59.Kg5 Kb4 60.Kxg6 Kxa4 61.h4  1-0

[Event "Porz"]
[Site "Porz"]
[Date "1981.??.??"]
[Round "?"]
[White "Ostermeyer, Peter"]
[Black "Schmidt, Bodo"]
[Result "1/2-1/2"]
[WhiteElo "2415"]
[BlackElo "2360"]

1.Nf3 d5 2.c4 c6 3.d4 Nf6 4.Nc3 e6 5.e3 Nbd7 6.a3 Bd6 7.Bd3 O-O 8.O-O dxc4
9.Bxc4 e5 10.e4 Qe7 11.Bg5 exd4 12.Qxd4 Ne5 13.Nxe5 Bxe5 14.Qe3 h6 15.Bf4 Ng4
16.Qg3 Bxf4 17.Qxf4 Qe5 18.Qxe5 Nxe5 19.Be2 Be6  1/2-1/2

[Event "Rome"]
[Site "Rome"]
[Date "1981.??.??"]
[Round "?"]
[White "Rodriguez Vargas, Orestes"]
[Black "Zichichi, Alvise"]
[Result "1/2-1/2"]
[WhiteElo "2455"]
[BlackElo "2400"]

1.d4 Nf6 2.Nf3 d5 3.c4 c6 4.Nc3 e6 5.e3 Nbd7 6.Bd3 dxc4 7.Bxc4 b5 8.Bd3 b4
9.Ne4 Bb7 10.Nxf6+ Nxf6 11.Qe2 Be7 12.e4 Nd7 13.O-O O-O 14.Rd1  1/2-1/2

[Event "Rostock"]
[Site "Rostock"]
[Date "1981.??.??"]
[Round "5"]
[White "Hesse, Peter"]
[Black "Malich, Burkhard"]
[Result "0-1"]
[WhiteElo "2370"]
[BlackElo "2450"]

1.d4 d5 2.Nf3 c6 3.c4 e6 4.e3 Nf6 5.Nc3 Nbd7 6.Bd3 Be7 7.O-O O-O 8.b3 b6
9.Bb2 Bb7 10.Qe2 Qc7 11.Rac1 Rac8 12.Ne5 dxc4 13.bxc4 Rfd8 14.f4 c5 15.Nb5 Qb8
16.f5 a6 17.Nxf7 axb5 18.fxe6 Nf8 19.Nxd8 Rxd8 20.d5 bxc4 21.Bxc4 b5 22.Bxf6 gxf6
23.Bxb5 Bxd5 24.Bc4 Qe5 25.Qg4+ Kh8 26.Qf4 Qxe6 27.Bxd5 Rxd5 28.Rb1 Ng6 29.Qh6 Bf8
30.Rb8 Qd6 31.Ra8 Rd1 32.a4 c4 33.a5 Rxf1+ 34.Kxf1 c3 35.Rc8 Qa6+  0-1

[Event "Sarajevo"]
[Site "Sarajevo"]
[Date "1981.??.??"]
[Round "2"]
[White "Drasko, Milan"]
[Black "Klaric, Zlatko"]
[Result "1/2-1/2"]
[WhiteElo "2240"]
[BlackElo "2465"]

1.d4 d5 2.c4 c6 3.Nf3 Nf6 4.Nc3 e6 5.e3 Nbd7 6.Qc2 Be7 7.b3 O-O 8.Bb2 b6
9.Bd3 Bb7 10.O-O Rc8  1/2-1/2

[Event "URS-FL49"]
[Site "Volgodonsk"]
[Date "1981.??.??"]
[Round "12"]
[White "Timoshchenko, Gennadi A"]
[Black "Dorfman, Josif D"]
[Result "1/2-1/2"]
[WhiteElo "2505"]
[BlackElo "2505"]

1.d4 Nf6 2.c4 e6 3.Nf3 d5 4.Nc3 c6 5.e3 Nbd7 6.Bd3 dxc4 7.Bxc4 b5 8.Bd3 Bb7
9.O-O a6 10.e4 c5 11.d5 c4 12.dxe6 cxd3 13.exd7+ Qxd7 14.Ne5 Qd4 15.Nf3 Qd7
16.Ne5 Qd4 17.Nf3 Qd7  1/2-1/2

[Event "Vrnjacka Banja"]
[Site "Vrnjacka Banja"]
[Date "1981.??.??"]
[Round "6"]
[White "Sahovic, Dragutin"]
[Black "Kostic, Vladimir"]
[Result "0-1"]
[WhiteElo "2470"]
[BlackElo "2255"]

1.d4 d5 2.c4 c6 3.Nf3 Nf6 4.Nc3 e6 5.e3 Be7 6.b3 O-O 7.Bb2 Nbd7 8.Bd3 Re8
9.O-O Bb4 10.a3 Ba5 11.Qc2 h6 12.Rfe1 dxc4 13.bxc4 c5 14.Re2 b6 15.Nb5 Ba6
16.a4 Bb4 17.Rd1 cxd4 18.exd4 Bb7 19.Ne5 a6 20.Nc3 Qc7 21.f4 Rac8 22.Qb3 Ba5
23.Nb1 Rcd8 24.Bc1 Nb8 25.Be3 Nc6 26.Nxc6 Bxc6 27.Nd2 Qd7 28.Bc2 b5 29.axb5 axb5
30.c5 Nd5 31.Ne4 Rf8 32.Ra1 Bc7 33.Ra7 Nxe3 34.Qxe3 Bxf4 35.Qxf4 Qxa7 36.Nf6+ Kh8
37.Nh7 Qa1+ 38.Kf2 Rfe8 39.Qxf7 Qxd4+ 40.Kg3 Qc3+ 41.Kf2 Qxc5+ 42.Kg3 Qa3+  0-1

[Event "Hoogovens"]
[Site "Wijk aan Zee"]
[Date "1981.??.??"]
[Round "?"]
[White "Miles, Anthony J"]
[Black "Ree, Hans"]
[Result "0-1"]
[WhiteElo "2590"]
[BlackElo "2485"]

1.d4 d5 2.c4 c6 3.Nf3 Nf6 4.Nc3 e6 5.e3 Nbd7 6.Qc2 Bd6 7.b3 O-O 8.Be2 dxc4
9.bxc4 e5 10.O-O Re8 11.Bb2 exd4 12.exd4 Nf8 13.d5 Ng6 14.Rad1 cxd5 15.Nxd5 Nxd5
16.cxd5 Bd7 17.Ba1 Nf4 18.Bc4 Rc8 19.Qb2 f6 20.Qb3 Qa5 21.Rd4 b5 22.Bd3 Ne2+
23.Bxe2 Rxe2 24.a4 bxa4 25.Qd1 Rec2 26.Qd3 Rc1 27.Rd1 Rxd1+ 28.Qxd1 Ba3 29.Qe2 Rc1+
30.Rd1 Qxd5 31.Rxc1 Bxc1 32.h3 a3 33.Nd4 Bf4 34.Qa6 Qa2 35.Qf1 Be5 36.f4 Bxf4
37.Qxf4 Qxa1+ 38.Kh2 Qb2 39.Qd6 a2 40.Qd5+ Kf8 41.Qd6+ Ke8 42.Nc6 Bxc6 43.Qxc6+ Ke7
44.Qc7+ Ke6 45.Qc6+ Ke5 46.Qc5+ Ke4 47.Qc6+ Ke3 48.Qc5+ Ke2 49.Qc4+ Ke1 50.Qe4+ Qe2
51.Qb4+ Qd2 52.Qe4+ Kd1 53.Qa4+ Kc1 54.Qa3+ Kb1 55.Qb3+ Ka1 56.Qa3 a5 57.Qb3 Qd6+
58.Kh1 Qb4 59.Qe3 a4 60.Kh2 Kb2 61.Qe2+ Ka3 62.Qd3+ Qb3 63.Qd6+ Kb2 64.Qd2+ Kb1
65.Qe1+ Kc2 66.Qe2+ Kc3 67.Qe3+ Kc4 68.Qe4+ Kc5 69.Qe7+ Kd4 70.Qd6+  0-1

[Event "Hoogovens"]
[Site "Wijk aan Zee"]
[Date "1981.??.??"]
[Round "?"]
[White "Langeweg, Kick"]
[Black "Torre, Eugenio"]
[Result "0-1"]
[WhiteElo "2455"]
[BlackElo "2550"]

1.d4 d5 2.c4 c6 3.Nf3 Nf6 4.Nc3 e6 5.e3 Nbd7 6.Be2 Bd6 7.b3 O-O 8.Qc2 b6
9.O-O Bb7 10.Bb2 c5 11.cxd5 exd5 12.Rfd1 Rc8 13.Qf5 Qe7 14.Rac1 a6 15.dxc5 bxc5
16.Nxd5 Bxd5 17.Rxd5 Nxd5 18.Qxd5 Rcd8 19.h3 Rfe8 20.Qf5 g6 21.Qc2 Ra8 22.Rd1 Ne5
23.Rd5 Nxf3+ 24.Bxf3 f6 25.h4 Rad8 26.h5 Kg7 27.hxg6 Bh2+ 28.Kxh2 Rxd5 29.gxh7 Qd6+
30.Kg1 Rg5 31.Qc4 Rh8 32.Be4 Rh5 33.f4 Qd2 34.Qc3 Qxc3 35.Bxc3 Re8 36.g4 Rh3
37.Bf5 Rhxe3 38.Ba5 Re2 39.g5 R2e3 40.Bd2 fxg5 41.Bxe3 Rxe3 42.fxg5 Re2 43.Kf1 Rxa2
44.g6 c4 45.bxc4 a5 46.c5 a4 47.c6 Ra1+ 48.Ke2 Rc1 49.Kd2 Rxc6 50.Bb1 Rc8
51.Kd1 a3 52.Kd2 Rf8 53.Kc3 Rf2  0-1

[Event "Hoogovens-B"]
[Site "Wijk aan Zee"]
[Date "1981.??.??"]
[Round "2"]
[White "Ligterink, Gert"]
[Black "Bohm, Hans"]
[Result "1-0"]
[WhiteElo "2430"]
[BlackElo "2410"]

1.d4 d5 2.c4 c6 3.Nf3 Nf6 4.Nc3 e6 5.e3 Nbd7 6.Bd3 dxc4 7.Bxc4 b5 8.Bd3 b4
9.Ne4 Bb7 10.Nxf6+ gxf6 11.O-O Bd6 12.e4 Qa5 13.a3 bxa3 14.bxa3 Rg8 15.Rb1 Ba6
16.Bxa6 Qxa6 17.d5 cxd5 18.exd5 Rd8 19.dxe6 fxe6 20.Nd4 Nf8 21.Qh5+ Rg6 22.Bh6 Kf7
23.Rfe1 Kg8 24.Bxf8 Bxf8 25.Nxe6 Qc6 26.g3 Re8 27.Rbc1 Qd6 28.Qf5 Qxa3 29.Nf4 Rxe1+
30.Rxe1 Rg7 31.Qxf6 Qd6 32.Ne6 Rg6 33.Qf5  1-0

[Event "Yerevan"]
[Site "Yerevan"]
[Date "1981.??.??"]
[Round "14"]
[White "Agzamov, Georgy"]
[Black "Muratov, Vladimir A"]
[Result "1-0"]
[WhiteElo "2435"]
[BlackElo "2415"]

1.d4 Nf6 2.c4 c6 3.Nc3 d5 4.Nf3 e6 5.e3 Nbd7 6.Bd3 Be7 7.O-O O-O 8.e4 dxe4
9.Nxe4 c5 10.Nxf6+ Bxf6 11.Be3 cxd4 12.Nxd4 Ne5 13.Be2 Nc6 14.Nxc6 bxc6 15.Bc5 Re8
16.Bf3 Bb7 17.Qxd8 Rexd8 18.Rad1 a5 19.b3 a4 20.b4 Ba6 21.Be2 Bc3 22.b5 cxb5
23.cxb5 Bb7 24.Rxd8+ Rxd8 25.Rd1 Bd5 26.b6 Rb8 27.Rc1 Be5 28.Bc4 f6 29.Bxd5 exd5
30.Rb1 Kf7 31.b7 Re8 32.Ba7 Bb8 33.Bxb8 Rxb8 34.Kf1 Ke6 35.Ke2 Kd6 36.Kd3 Kc5
37.a3 Kc6 38.Kd4 Kd6 39.Rb6+ Kc7 40.Rb4 Kc6 41.Rb2 Kd6 42.Rb5 Kc6 43.Rb4 Kc7
44.f4 f5 45.g3 g6 46.Rb5 Kc6 47.Rc5+ Kd6 48.Rxd5+ Kc6 49.Rc5+ Kb6 50.Kc4 h6
51.h4 h5 52.Kb4 Ka7 53.Rb5  1-0

[Event "Amsterdam"]
[Site "Amsterdam"]
[Date "1982.??.??"]
[Round "3"]
[White "Ligterink, Gert"]
[Black "Kuijf, Marinus"]
[Result "0-1"]
[WhiteElo "2465"]
[BlackElo "2370"]

1.d4 d5 2.c4 c6 3.Nf3 Nf6 4.Nc3 e6 5.e3 Nbd7 6.Bd3 Bb4 7.a3 Ba5 8.O-O O-O
9.Qc2 dxc4 10.Bxc4 Bc7 11.Ba2 e5 12.Re1 h6 13.Bd2 Re8 14.Qb3 Qe7 15.e4 exd4
16.Nxd4 Ne5 17.Rad1 Bb6 18.Bf4 Bxd4 19.Rxd4 Be6 20.Qd1 Bxa2 21.Nxa2 c5 22.Rd2 Nc4
23.Rc2 Rad8 24.Qc1 Na5 25.Qe3 Qxe4 26.Qxe4 Rxe4 27.Be3 Nc4 28.Nc3 Nxe3 29.fxe3 Re5
30.h3 b6 31.b4 Rd3 32.Rec1 Rdxe3 33.Rd2 Kh7 34.Kf2 Rxc3  0-1

[Event "Baile Herculane zt"]
[Site "Baile Herculane"]
[Date "1982.??.??"]
[Round "3"]
[White "Farago, Ivan"]
[Black "Velikov, Petar"]
[Result "1/2-1/2"]
[WhiteElo "2485"]
[BlackElo "2470"]

1.d4 d5 2.c4 c6 3.Nc3 Nf6 4.e3 e6 5.Nf3 a6 6.b3 Bb4 7.Bd2 Nbd7 8.Bd3 O-O
9.O-O Bd6 10.e4 dxc4 11.bxc4 e5 12.d5 Nc5 13.Bg5 h6 14.Bh4 Bg4 15.h3 Bxf3
16.Qxf3 Be7 17.Bg3 Nfd7 18.Rfd1 g6 19.Bc2 Bg5 20.Na4 Qe7 21.Nxc5 Nxc5 22.Qa3 Rfd8
23.Rab1 Rac8 24.Rb6 cxd5 25.exd5  1/2-1/2

[Event "Baile Herculane zt"]
[Site "Baile Herculane"]
[Date "1982.??.??"]
[Round "10"]
[White "Radulov, Ivan"]
[Black "Spiridonov, Nikola"]
[Result "1/2-1/2"]
[WhiteElo "2505"]
[BlackElo "2440"]

1.d4 d5 2.c4 c6 3.Nc3 Nf6 4.Nf3 e6 5.e3 Nbd7 6.Qc2 Bd6 7.Bd3 O-O 8.O-O dxc4
9.Bxc4 e5 10.Bd3 Qe7 11.Bd2 Re8 12.dxe5 Nxe5 13.Nxe5 Bxe5  1/2-1/2

[Event "Baile Herculane zt"]
[Site "Baile Herculane"]
[Date "1982.??.??"]
[Round "11"]
[White "Farago, Ivan"]
[Black "Radulov, Ivan"]
[Result "1/2-1/2"]
[WhiteElo "2485"]
[BlackElo "2505"]

1.d4 d5 2.c4 e6 3.Nc3 c6 4.e3 Nf6 5.Nf3 Nbd7 6.Bd3 dxc4 7.Bxc4 b5 8.Bd3 a6
9.e4 c5 10.d5 c4 11.dxe6 fxe6 12.Bc2 Qc7 13.O-O Bd6 14.Nd4 Nb6 15.f4 e5 16.Nf3 Bg4
17.h3 O-O-O 18.Kh1 Bxf3 19.Qxf3 exf4 20.a4 b4 21.a5 Nbd7 22.Nd5 Nxd5 23.exd5 Ne5
24.Qe2 g5 25.Bd2 Kb7 26.Ra4 f3 27.Qxf3 Qd7 28.Bxb4 Qxh3+ 29.Kg1 Qg3 30.Qe2 Qxg2+
31.Kxg2 Bxb4 32.Rxb4+ Kc7 33.Rd1 Rhf8 34.Be4 Rb8 35.d6+ Kd7 36.Bf5+ Kc6 37.Be4+ Kd7
38.Bf5+ Kc6 39.Be4+  1/2-1/2

[Event "Beersheba"]
[Site "Beersheba"]
[Date "1982.??.??"]
[Round "11"]
[White "Reshevsky, Samuel Herman"]
[Black "Stean, Michael"]
[Result "1/2-1/2"]
[WhiteElo "2500"]
[BlackElo "2505"]

1.d4 Nf6 2.Nf3 e6 3.c4 d5 4.Nc3 c6 5.e3 Nbd7 6.Bd3 dxc4 7.Bxc4 b5 8.Bd3 Bb7
9.O-O b4 10.Na4 c5 11.dxc5 Bxc5 12.Nxc5 Nxc5 13.Bb5+ Ke7 14.Qe2  1/2-1/2

[Event "Rakovica"]
[Site "Belgrade"]
[Date "1982.??.??"]
[Round "?"]
[White "Farago, Ivan"]
[Black "Chandler, Murray G"]
[Result "1/2-1/2"]
[WhiteElo "2490"]
[BlackElo "2505"]

1.d4 d5 2.c4 e6 3.Nc3 c6 4.e3 Nf6 5.Nf3 Nbd7 6.Bd3 dxc4 7.Bxc4 b5 8.Bd3 a6
9.e4 c5 10.d5 c4 11.dxe6 fxe6 12.Bc2 Qc7 13.Ng5 Nc5 14.f4 Bb7 15.e5 Rd8 16.Bd2 Nd5
17.Qh5+ g6 18.Bxg6+ hxg6 19.Qxh8 Nxf4 20.O-O-O Qxe5 21.Qxe5 Nfd3+ 22.Kc2 Nxe5
23.Be3 Rxd1 24.Rxd1 Ned3 25.Bxc5 Nxc5 26.Re1 Ke7 27.b4 cxb3+ 28.axb3 Bh6
29.Nce4 Nxe4 30.Nxe4 a5 31.Kd3 Bf4 32.g3 Bc7 33.Rc1 Bb6 34.h4 Bd5  1/2-1/2

[Event "Brighton"]
[Site "Brighton"]
[Date "1982.??.??"]
[Round "?"]
[White "Tisdall, Jonathan D"]
[Black "Sigurjonsson, Gudmundur"]
[Result "1/2-1/2"]
[WhiteElo "2410"]
[BlackElo "2435"]

1.d4 Nf6 2.c4 e6 3.Nf3 d5 4.Nc3 c6 5.e3 Nbd7 6.Qc2 Bd6 7.b3 O-O 8.Bb2 Re8
9.Be2 dxc4 10.bxc4 e5 11.O-O exd4 12.exd4 Nf8 13.Rad1 Qc7 14.c5 Be7 15.Ne5 Be6
16.f4 Nd5 17.f5 Nxc3 18.Bxc3 Bd5 19.Be1 b6 20.cxb6 axb6 21.Bc4 Bd6 22.Bxd5 cxd5
23.Qb3 Nd7 24.Bg3 Nxe5 25.dxe5 Bxe5  1/2-1/2

[Event "HUN-ch"]
[Site "Budapest"]
[Date "1982.??.??"]
[Round "?"]
[White "Tolnai, Tibor"]
[Black "Szabolcsi, Janos"]
[Result "1/2-1/2"]
[WhiteElo "2230"]
[BlackElo "2245"]

1.d4 d5 2.c4 c6 3.Nc3 Nf6 4.Nf3 e6 5.e3 Nbd7 6.Bd3 dxc4 7.Bxc4 b5 8.Bd3 a6
9.O-O c5 10.dxc5 Nxc5 11.Bc2 Bb7 12.a3 Qc7 13.Qe2 Nce4 14.Bd2 Bd6 15.Nxe4 Nxe4
16.Bxe4 Bxe4 17.Bc3 O-O 18.h3 Qb7 19.Rfd1 Rfd8 20.Ng5 Bg6 21.Nf3 a5 22.Rd2 b4
23.axb4 axb4 24.Rxa8 Qxa8 25.Be5 Be7 26.Rxd8+ Qxd8 27.Nd4 Qd5 28.Qb5 Qxb5
29.Nxb5 Bd3 30.Bd6 Kf8 31.Bxe7+ Kxe7 32.Nd4 Kd6 33.Nf3 Kd5 34.Nd2 g5 35.h4 gxh4
36.Kh2 Bf5 37.Kg1 e5 38.Kh2 Bd7 39.Kg1 f5 40.Kh2 f4 41.Kg1 Ke6 42.Kh2 Bc6
43.Nb3 Kf5 44.Nc5 fxe3 45.fxe3 Bd5 46.Kh3 Kg5  1/2-1/2